00760 2200277 4500001002100000005001500021035002500036007000300061008004100064020002200105040001700127082001500144084001700159100001700176245003400193250001100227260005400238300004500292504002500337650002100362850001200383090002100395090002200416999002200438990002200460INLIS00000000002508520200727061918 a0010-011700000000585ta170126s2015 yoia gr ind d a978-979-420-797-0 aYOPDYOGeind04222a615.19 a615.19 ABD a0 aAbdul Rohman00aAnalisis obat /cAbdul Rohman aCet. 13 aYogyakarta :bGadjah Mada University Press,c2015 axxiii, 252 halaman :bilustrasi ;c23 cm aTermasuk bibliografi 4aObat--xAnalisis aYOPDYOG aDEP 615.19 ABD a aCB-D.11 2015-2052 aCB-D.11/2015-2052 aCB-D.11/2015-2052